|
|
|
|
| LEADER |
00000nas a2200000 a 4500 |
| 001 |
ssj0012161 |
| 003 |
WaSeSS |
| 005 |
20200512172242.0 |
| 006 |
m d |
| 007 |
cr n |
| 008 |
810122d19812010coumr p s 0 a0eng c |
| 010 |
|
|
|a 81641204
|z sn 81000217
|
| 016 |
7 |
|
|a 9879056
|2 DNLM
|
| 016 |
7 |
|
|a R27010000
|2 DNLM
|
| 022 |
|
|
|l 0273-5520
|y 0273-5520
|
| 030 |
|
|
|a RINSDR
|
| 032 |
|
|
|a 461010
|b USPS
|
| 035 |
|
|
|a (WaSeSS)ssj0012161
|
| 037 |
|
|
|b Chicago Division, Cahners Pub. Co., 5 S. Wabash Ave., Chicago, Ill. 60603
|c $50.00
|c $55.00 (Canada)
|c $70.00 (Foreign)
|
| 040 |
|
|
|a NSD
|b eng
|c NSD
|d DLC
|d NSD
|d EYW
|d OCL
|d NSD
|d NST
|d DLC
|d OCL
|d NST
|d DLC
|d NSD
|d RCS
|d NST
|d AIP
|d OCL
|d NST
|d NSD
|d NST
|d AGL
|d IUL
|d NLM
|d OCLCQ
|d NSD
|d CDS
|d DLC
|d LVB
|d CDS
|d DLC
|d GUA
|d OCLCQ
|d GUA
|d COA
|d CDS
|d OCLCQ
|d OCLCF
|d CQ$
|d OCLCO
|d I8M
|d OCLCQ
|d GILDS
|d OCLCO
|d CPO
|d OCLCQ
|d WaSeSS
|
| 042 |
|
|
|a pcc
|a nsdp
|
| 050 |
0 |
0 |
|a TX1
|b .I58
|
| 082 |
0 |
4 |
|a 642/.5/05
|
| 210 |
0 |
|
|a Restaur. inst.
|b (Chicago, Ill.)
|
| 222 |
|
0 |
|a Restaurants & institutions
|b (Chicago, Ill.)
|
| 245 |
0 |
0 |
|a Restaurants & institutions
|h [electronic resource].
|
| 246 |
3 |
|
|a Restaurants and institutions
|
| 246 |
1 |
|
|i Issues for Feb. 1, 2004 have title:
|a R & I
|
| 246 |
3 |
|
|a R and I
|
| 246 |
1 |
|
|i Some no., 2004-, called:
|a Restaurants & institutions.
|p Menu
|
| 246 |
1 |
|
|i Some no., -2003, called:
|a Restaurants & institutions.
|p Marketplace products
|
| 260 |
|
|
|a [Chicago, Ill.] :
|b [Cahners Pub. Co.],
|c [©1981]-
|
| 310 |
|
|
|a Monthly,
|b 2009-
|
| 321 |
|
|
|a Semimonthly,
|b 1981-
|
| 321 |
|
|
|a 28 no. a year,
|b <2004>-2006
|
| 321 |
|
|
|a 18 no. a year,
|b 2007-2008
|
| 362 |
0 |
|
|a [Vol. 88, no. 1] (Jan. 1, 1981)-
|
| 362 |
1 |
|
|a Ceased with vol. 120, no. 4 (Apr. 2010).
|
| 500 |
|
|
|a Imprint varies: Oak Brook, Ill. : Reed Business Information, <2003->
|
| 500 |
|
|
|a Title from cover.
|
| 506 |
|
|
|a License restrictions may limit access.
|
| 588 |
|
|
|a Latest issue consulted: Vol. 119, no. 4 (Apr. 2009).
|
| 650 |
|
0 |
|a Food service
|v Periodicals.
|
| 650 |
|
0 |
|a Quantity cooking
|v Periodicals.
|
| 650 |
|
6 |
|a Établissements publics
|v Périodiques.
|
| 650 |
|
6 |
|a Restauration collective
|v Périodiques.
|
| 650 |
|
6 |
|a Hôtels
|v Périodiques.
|
| 650 |
|
7 |
|a Food service.
|2 fast
|0 (OCoLC)fst00931080
|
| 650 |
|
7 |
|a Quantity cooking.
|2 fast
|0 (OCoLC)fst01754362
|
| 653 |
|
0 |
|a Food service
|
| 653 |
|
0 |
|a Quantity cookery
|
| 655 |
|
0 |
|a Electronic journals.
|
| 780 |
0 |
0 |
|t Institutions
|w (DLC) 80644720
|w (OCoLC)4026532
|
| 850 |
|
|
|a AAP
|a AU
|a AzTeS
|a AzU
|a CLSU
|a CNoS
|a CStclU
|a CU-A
|a CaAEU
|a CaMWU
|a CaNSH
|a CaQMU
|a CaQMaC
|a CaSSU
|a CoFS
|a CoU
|a DLC
|a DNAL
|a DeU
|a FU
|a GASU
|a GEU
|a ICU
|a ICarbS
|a IEN
|a INS
|a IU
|a IaAS
|a InLP
|a InU
|a KyU
|a LU
|a MB
|a MBU
|a MChB
|a MH-BA
|a MU
|a MdU
|a MiDW
|a MiEM
|a MnSU
|a MoU
|a MsU
|a NBuC
|a NN
|a NNC
|a NbU-M
|a NcRS
|
| 850 |
|
|
|a NhU
|a NmU
|a OCU
|a OU
|a OrU
|a PBL
|a PPD
|a PPi
|a PSt
|a TxCM
|a TxHMC
|a TxLT
|a TxU
|a ULA
|a UPB
|a UU
|a ViBlbV
|a ViU
|a WU-A
|a Wa
|
| 853 |
2 |
0 |
|8 1
|a v.
|b no.
|u 28
|v r
|i (year)
|j (month)
|k (day)
|w s
|x 0101
|p d 01,15
|
| 853 |
2 |
0 |
|8 2
|a v.
|b no.
|u 22
|v r
|i (year)
|j (month)
|k (day)
|w s
|x 0101
|y pd 01,15
|y od1115,1215
|
| 853 |
2 |
0 |
|8 3
|a v.
|b no.
|u 18
|v r
|i (year)
|j (month)
|k (day)
|w s
|x 0101
|y pd 01,0015
|y od0115,0215,0615,0815,1115,1215
|
| 853 |
2 |
0 |
|8 4
|a v.
|b no.
|u 12
|v r
|i (year)
|j (month)
|w m
|x 01
|
| 856 |
4 |
0 |
|z Full text available from Research Library: 01/01/1996 to 04/30/2010
|u https://search.proquest.com/publication/41973
|
| 863 |
4 |
1 |
|8 1.1
|a <112 >
|b <10 >
|i <2002 >
|j <05 >
|k <01 >
|
| 863 |
4 |
1 |
|8 2.1
|a <116>
|b <1>
|i <2006>
|j <01>
|k <01>
|
| 863 |
4 |
0 |
|8 3.1
|a 117-118
|b 1
|i 2007-2008
|j 01-12
|k 01-01
|
| 863 |
4 |
1 |
|8 4.1
|a 119
|b 1
|i 2009
|j 01
|